[Event "Stuttgarter Stadtmeisterschaft B-Turnier"]
[Site "Ditzingen"]
[Date "2009.05.21"]
[Round "1.26"]
[White "Wolf, Adam"]
[Black "Zaytsev, Evgeny"]
[Result "1-0"]
[WhiteElo "1582"]
[BlackElo "1810"]
[PlyCount "101"]
[EventDate "2009.??.??"]

1. c4 Nf6 2. g3 Nc6 3. Bg2 e5 4. Nf3 Be7 5. Nc3 O-O 6. O-O d6 7. a3 Re8 8. d3
a6 9. Be3 Rb8 10. b4 Bd7 11. b5 Na5 12. Qd2 Nb3 13. Qb2 Nxa1 14. Rxa1 axb5 15.
cxb5 Be6 16. Ba7 Ra8 17. b6 c6 18. a4 Bf8 19. a5 Bc8 20. Na2 Nd5 21. e4 Nf6 22.
Nb4 c5 23. Nc6 Qd7 24. Nb8 Qe6 25. a6 Nd7 26. axb7 Bxb7 27. Na6 Bxa6 28. Rxa6
Nb8 29. Ra3 Nc6 30. b7 Rxa7 31. Rxa7 Nb4 32. Ra8 Nc6 33. b8=Q Nxb8 34. Rxb8
Rxb8 35. Qxb8 h6 36. Nd2 Qa2 37. Nc4 Qa1+ 38. Bf1 Qd4 39. Nb6 Qb4 40. Qa7 Qb5
41. d4 Qc6 42. Bc4 Qe8 43. dxe5 dxe5 44. h4 Qe7 45. Qb8 Qd6 46. Qb7 Qe7 47. Qd5
Qe8 48. Nd7 Qe7 49. Nxe5 Kh7 50. Nxf7 Qf6 51. Ne5 1-0

[Event "Stuttgarter Stadtmeisterschaft B-Turnier"]
[Site "Ditzingen"]
[Date "2009.05.21"]
[Round "1.27"]
[White "Srokovskiy, Andrea"]
[Black "Pfeilsticker, Thorsten"]
[Result "1/2-1/2"]
[WhiteElo "1809"]
[BlackElo "1567"]
[PlyCount "60"]
[EventDate "2009.??.??"]

1. e4 a6 2. d4 b5 3. c4 Bb7 4. Nd2 c6 5. b3 e6 6. Bb2 d5 7. c5 dxe4 8. Nxe4 Nf6
9. Ng3 Nbd7 10. Nf3 Nd5 11. Bd3 g6 12. O-O Bg7 13. Ne4 O-O 14. Nd6 Ra7 15. Qd2
N7f6 16. Ne5 Ba8 17. Bc3 Ne8 18. Ba5 Qb8 19. Nxe8 Rxe8 20. Nf3 Rd7 21. Bc3 Nxc3
22. Qxc3 Qd8 23. Rad1 Bxd4 24. Nxd4 Rxd4 25. Be2 Rxd1 26. Rxd1 Qe7 27. Qe5 Rd8
28. Rxd8+ Qxd8 29. h3 Bb7 30. a4 h5 1/2-1/2

[Event "Stuttgarter Stadtmeisterschaft B-Turnier"]
[Site "Ditzingen"]
[Date "2009.05.21"]
[Round "1.28"]
[White "Witt, Holger"]
[Black "Wolff, Cascal"]
[Result "1/2-1/2"]
[WhiteElo "1555"]
[BlackElo "1802"]
[PlyCount "57"]
[EventDate "2009.??.??"]

1. c4 c5 2. Nc3 Nc6 3. g3 d6 4. Bg2 g6 5. Nf3 Bg7 6. O-O Bg4 7. d3 Bxf3 8. Bxf3
e6 9. a3 Nge7 10. Bg5 Qd7 11. Qd2 Nd4 12. Qc2 Nxf3+ 13. exf3 Nc6 14. Be3 Nd4
15. Bxd4 Bxd4 16. Ne2 Bg7 17. Rad1 O-O 18. d4 b6 19. d5 exd5 20. Rxd5 Rad8 21.
Rfd1 Qc7 22. Nc3 a6 23. Qa4 Bxc3 24. bxc3 a5 25. Rb1 Rb8 26. Qd1 Rfd8 27. Rb2
Rd7 28. Rbd2 Rbd8 29. Qa4 1/2-1/2

[Event "Stuttgarter Stadtmeisterschaft B-Turnier"]
[Site "Ditzingen"]
[Date "2009.05.21"]
[Round "1.29"]
[White "Naundorf, Jo-Jan"]
[Black "Geilfuß, Alexander"]
[Result "1-0"]
[WhiteElo "1796"]
[BlackElo "1555"]
[PlyCount "31"]
[EventDate "2009.??.??"]

1. e4 e6 2. Nf3 c5 3. d4 d5 4. exd5 exd5 5. c4 Nf6 6. cxd5 cxd4 7. Bb5+ Bd7 8.
Qe2+ Be7 9. d6 Bxb5 10. Qxb5+ Qd7 11. Qxd7+ Nbxd7 12. dxe7 Kxe7 13. Nxd4 Rhe8
14. O-O Rad8 15. Nf5+ Kf8 16. Nd6 1-0

[Event "Stuttgarter Stadtmeisterschaft B-Turnier"]
[Site "Ditzingen"]
[Date "2009.05.21"]
[Round "1.30"]
[White "Holschke, Christian"]
[Black "Ostertag, Stephan"]
[Result "0-1"]
[WhiteElo "1553"]
[BlackElo "1795"]
[PlyCount "40"]
[EventDate "2009.??.??"]

1. e4 d6 2. d4 Nf6 3. Nd2 g6 4. Ngf3 Bg7 5. c3 O-O 6. Be2 b6 7. Qc2 Bb7 8. d5
c5 9. h3 Na6 10. Nc4 Nc7 11. Ne3 b5 12. Ng4 Rc8 13. Nxf6+ exf6 14. Bf4 Re8 15.
Nd2 f5 16. f3 Qe7 17. c4 b4 18. Kf2 Qf6 19. exf5 Qd4+ 20. Kg3 Rxe2 0-1

[Event "Stuttgarter Stadtmeisterschaft B-Turnier"]
[Site "Ditzingen"]
[Date "2009.05.21"]
[Round "1.31"]
[White "Schmidt, Markus"]
[Black "Spiegelberg, Silvia"]
[Result "1-0"]
[WhiteElo "1794"]
[BlackElo "1553"]
[PlyCount "133"]
[EventDate "2009.??.??"]

1. d4 Nf6 2. c4 e5 3. dxe5 Ng4 4. Nf3 Bc5 5. e3 Nc6 6. Nc3 a5 7. Be2 O-O 8. O-O
Re8 9. Ne4 Bf8 10. b3 Ncxe5 11. Nfg5 Nf6 12. Bb2 h6 13. Nxf6+ Qxf6 14. Ne4 Nf3+
15. Bxf3 Qxb2 16. Qd3 Ra6 17. Rfd1 Qe5 18. Qe2 Ba3 19. Rab1 d6 20. Rd5 Qe7 21.
Nc3 Bb4 22. Qc2 Qf6 23. Ne4 Qg6 24. Qd3 Be6 25. Rh5 Kf8 26. Qd4 Bc5 27. Qd1 Bb4
28. Ng3 Bc8 29. Rh4 c6 30. Rf4 Be6 31. Be4 Qg5 32. Qf3 Re7 33. h4 Qe5 34. Nf5
Re8 35. Nd4 Re7 36. Bg6 Kg8 37. Nxe6 Qxe6 38. Bc2 Ra7 39. e4 Ra6 40. Qd3 Qg6
41. Qh3 Qe6 42. Qf3 Ra8 43. Rf5 Rae8 44. Qf4 Bc3 45. Qe3 Qxf5 46. Qxc3 Qe5 47.
Qd2 Rd8 48. f4 Qc5+ 49. Kh2 d5 50. e5 g6 51. h5 Rf8 52. hxg6 fxg6 53. Bxg6 Rg7
54. f5 d4 55. Re1 Qb4 56. Qxb4 axb4 57. c5 d3 58. e6 d2 59. Rd1 Rd8 60. Bh5 Rg5
61. Bf7+ Kf8 62. f6 Rgd5 63. Bg6 Re5 64. e7+ Rxe7 65. fxe7+ Kxe7 66. Kg1 Kf6
67. Bc2 1-0

[Event "Stuttgarter Stadtmeisterschaft B-Turnier"]
[Site "Ditzingen"]
[Date "2009.05.21"]
[Round "1.32"]
[White "Giugno, Carmelo"]
[Black "Liebetruth, Jimmy"]
[Result "0-1"]
[WhiteElo "1549"]
[BlackElo "1788"]
[PlyCount "68"]
[EventDate "2009.??.??"]

1. d4 d5 2. c4 c6 3. Nc3 Nf6 4. Nf3 e6 5. e3 Nbd7 6. Bd3 dxc4 7. Bxc4 b5 8. Bd3
Bb7 9. O-O a6 10. a3 c5 11. dxc5 Bxc5 12. b4 Be7 13. Bb2 O-O 14. Qe2 Bxf3 15.
gxf3 Rc8 16. Rad1 Qc7 17. Ne4 Nxe4 18. fxe4 Ne5 19. Qh5 Nxd3 20. Rxd3 Qc2 21.
Rd7 Qxb2 22. Rxe7 Qxa3 23. Rd1 Qxb4 24. Rdd7 Rc1+ 25. Kg2 Qxe4+ 26. Kh3 Qg6 27.
Qxg6 hxg6 28. Rb7 Rcc8 29. Kg4 Rb8 30. Ra7 b4 31. Rxa6 b3 32. Ra1 b2 33. Rb1
Rfc8 34. Rd7 Rc1 0-1

[Event "Stuttgarter Stadtmeisterschaft B-Turnier"]
[Site "Ditzingen"]
[Date "2009.05.21"]
[Round "1.33"]
[White "Baelz, Juergen"]
[Black "Brittschock-Schrall, Bärbel"]
[Result "1-0"]
[WhiteElo "1776"]
[BlackElo "1542"]
[PlyCount "77"]
[EventDate "2009.??.??"]

1. Nf3 Nf6 2. c4 d6 3. d4 Nbd7 4. Nc3 g6 5. g3 Bg7 6. Bg2 O-O 7. O-O c6 8. e3
Rb8 9. a4 b6 10. Bd2 Ba6 11. b3 d5 12. Re1 dxc4 13. Bf1 b5 14. axb5 Bb7 15.
bxc6 Bxc6 16. bxc4 Bxf3 17. Qxf3 Qc7 18. Nb5 Qb6 19. Rxa7 Rfc8 20. Rea1 Qd8 21.
Ba5 Qf8 22. Bc7 Nb6 23. Bxb8 Rxb8 24. Nc3 e6 25. Qc6 Qd8 26. c5 Nbd5 27. Nxd5
Nxd5 28. Ra8 Bf8 29. Rxb8 Qxb8 30. Ra8 Qc7 31. Qe8 Qe7 32. Qxe7 Nxe7 33. Bb5
Nd5 34. Rc8 Kg7 35. e4 Nc3 36. Bd3 g5 37. c6 f5 38. c7 fxe4 39. Bc4 1-0

[Event "Stuttgarter Stadtmeisterschaft B-Turnier"]
[Site "Ditzingen"]
[Date "2009.05.21"]
[Round "1.34"]
[White "Wilhelm, Jens"]
[Black "Florio, Antonio"]
[Result "1/2-1/2"]
[WhiteElo "1542"]
[BlackElo "1776"]
[PlyCount "43"]
[EventDate "2009.??.??"]

1. d4 Nf6 2. c4 e6 3. a3 c5 4. dxc5 Bxc5 5. e3 O-O 6. Bd3 d5 7. b4 dxc4 8. Bxc4
Qxd1+ 9. Kxd1 Bb6 10. Nf3 Ne4 11. Ke2 Bd7 12. Bb2 a5 13. Nc3 Nd6 14. Bd3 axb4
15. axb4 Nc6 16. b5 Nb4 17. Ba3 Nxd3 18. Bxd6 Rxa1 19. Rxa1 Rd8 20. Kxd3 Be8
21. Rd1 Rxd6+ 22. Kc4 1/2-1/2

[Event "Stuttgarter Stadtmeisterschaft B-Turnier"]
[Site "Ditzingen"]
[Date "2009.05.21"]
[Round "1.36"]
[White "Gorb, Eugeniusz"]
[Black "Schnorr, Christian"]
[Result "0-1"]
[WhiteElo "1537"]
[BlackElo "1766"]
[PlyCount "134"]
[EventDate "2009.??.??"]

1. e4 c5 2. Nf3 Nc6 3. Bc4 e6 4. Nc3 a6 5. a3 b5 6. Be2 d6 7. d4 Bb7 8. O-O Nf6
9. Bg5 Be7 10. Rb1 b4 11. e5 dxe5 12. dxe5 Ng4 13. Qxd8+ Rxd8 14. Bxe7 Kxe7 15.
Na4 c4 16. Nc5 Ba8 17. Bxc4 Nd4 18. Nxd4 Rxd4 19. Bxa6 Nxe5 20. a4 Rd5 21. Nb3
Nf3+ 22. Kh1 Rh5 23. h3 Rg5 24. Bd3 Nh4 25. f3 Rxg2 26. Be4 Bxe4 27. fxe4 Rxc2
28. e5 Ng6 29. Rfe1 Rd8 30. Re4 Rd3 31. Rxb4 Rxh3+ 32. Kg1 Nxe5 33. Rb7+ Kf6
34. Nd4 Rd2 35. Rf1+ Kg6 36. Rb3 Rxb3 37. Nxb3 Rxb2 38. Nc5 Rc2 39. Nb7 Ra2 40.
Nc5 Nc4 41. Rf4 Ne5 42. Nb7 f5 43. Rb4 Kf6 44. a5 Nc6 45. Rb5 Ke7 46. Rb6 Nxa5
47. Ra6 Ra1+ 48. Kf2 Nb3 49. Rb6 Ra3 50. Nd6 Nc5 51. Nc4 Rd3 52. Ne5 Rd6 53.
Rb8 Nd3+ 54. Nxd3 Rxd3 55. Rg8 Kf6 56. Rf8+ Ke5 57. Rf7 g5 58. Rxh7 Kf4 59. Rc7
e5 60. Rc4+ e4 61. Rc5 g4 62. Rc2 Rd2+ 63. Rxd2 e3+ 64. Ke2 exd2 65. Kxd2 Kf3
66. Ke1 Kg2 67. Ke2 f4 0-1

[Event "Stuttgarter Stadtmeisterschaft B-Turnier"]
[Site "Ditzingen"]
[Date "2009.05.21"]
[Round "1.37"]
[White "Schnorr, Elke"]
[Black "Hennig, Jan"]
[Result "1-0"]
[WhiteElo "1765"]
[BlackElo "1534"]
[PlyCount "81"]
[EventDate "2009.??.??"]

1. d4 Nf6 2. Nf3 g6 3. e3 Bg7 4. c4 d6 5. Be2 O-O 6. O-O c6 7. Nc3 Nh5 8. b4
Bg4 9. Qb3 Nd7 10. a4 e5 11. dxe5 Nxe5 12. Nxe5 Bxe2 13. Nxe2 dxe5 14. Rd1 Qh4
15. Bb2 f5 16. Rd7 f4 17. c5+ Kh8 18. exf4 exf4 19. Bxg7+ Nxg7 20. Qc3 Rf6 21.
Rad1 Raf8 22. R1d6 R6f7 23. Nd4 Rxd7 24. Rxd7 Qf6 25. Ne2 Qxc3 26. Nxc3 g5 27.
Rxb7 g4 28. Rxa7 Ne6 29. Re7 Nd4 30. b5 cxb5 31. axb5 Rd8 32. Kf1 f3 33. gxf3
gxf3 34. c6 Nc2 35. c7 Ra8 36. Nb1 Nd4 37. Rd7 Ne6 38. b6 Nf8 39. Rd8 Ra1 40.
Rxf8+ Kg7 41. Rxf3 1-0

[Event "Stuttgarter Stadtmeisterschaft B-Turnier"]
[Site "Ditzingen"]
[Date "2009.05.21"]
[Round "1.38"]
[White "Prinz, Philipp"]
[Black "Tölg, Wolfgang"]
[Result "1/2-1/2"]
[WhiteElo "1532"]
[BlackElo "1762"]
[PlyCount "67"]
[EventDate "2009.??.??"]

1. d4 d5 2. c4 e5 3. dxe5 d4 4. Nf3 Nc6 5. g3 Be6 6. Bg5 Be7 7. Bxe7 Ngxe7 8.
Nbd2 Ng6 9. Bg2 Rb8 10. O-O Ngxe5 11. Nxe5 Nxe5 12. Qa4+ Qd7 13. Qxa7 O-O 14.
b3 c6 15. Nf3 Nxf3+ 16. Bxf3 Rfd8 17. Rfd1 Ra8 18. Qc5 Qd6 19. Qxd6 Rxd6 20.
Rd2 Rd7 21. Rad1 c5 22. e3 Rad8 23. exd4 cxd4 24. c5 Kf8 25. c6 bxc6 26. Bxc6
Rd6 27. Be4 Ra6 28. Rxd4 Rxd4 29. Rxd4 Rxa2 30. Bd5 Bh3 31. Rd1 Rb2 32. Re1 h6
33. Bc6 g5 34. Bd5 1/2-1/2

[Event "Stuttgarter Stadtmeisterschaft B-Turnier"]
[Site "Ditzingen"]
[Date "2009.05.21"]
[Round "1.39"]
[White "Schmitz, Harald"]
[Black "Weisensel, Wolfgang"]
[Result "1-0"]
[WhiteElo "1757"]
[BlackElo "1531"]
[PlyCount "41"]
[EventDate "2009.??.??"]

1. e4 e5 2. Nf3 Nf6 3. Nxe5 d6 4. Nf3 Nxe4 5. d4 d5 6. Bd3 Be7 7. O-O O-O 8.
Re1 f5 9. c4 c6 10. Nc3 Nxc3 11. bxc3 Nd7 12. Qc2 g6 13. Bh6 Re8 14. cxd5 cxd5
15. c4 Nf6 16. cxd5 b6 17. Rac1 a6 18. Bc4 Nxd5 19. Bxd5+ Qxd5 20. Qc7 Qb7 21.
Qe5 1-0

[Event "Stuttgarter Stadtmeisterschaft B-Turnier"]
[Site "Ditzingen"]
[Date "2009.05.21"]
[Round "1.40"]
[White "Hegel, Pius"]
[Black "Maisch, Julian"]
[Result "1/2-1/2"]
[WhiteElo "1526"]
[BlackElo "1757"]
[PlyCount "56"]
[EventDate "2009.??.??"]

1. Nf3 Nf6 2. b3 d5 3. Bb2 e6 4. e3 Be7 5. c4 O-O 6. Be2 c6 7. O-O Nbd7 8. Nc3
Nc5 9. Qc2 h6 10. d4 Nce4 11. Ne5 Bb4 12. f3 Nxc3 13. Bxc3 Bxc3 14. Qxc3 Qc7
15. Rac1 Re8 16. Bd3 Nd7 17. f4 Qd6 18. Qe1 c5 19. dxc5 Nxc5 20. Bb1 b6 21. Rd1
Bb7 22. cxd5 exd5 23. Qg3 Nd7 24. Nxd7 Qxd7 25. e4 Qb5 26. e5 Rac8 27. Qd3 Qxd3
28. Bxd3 Re7 1/2-1/2

[Event "Stuttgarter Stadtmeisterschaft B-Turnier"]
[Site "Ditzingen"]
[Date "2009.05.21"]
[Round "1.41"]
[White "Zehring, Mathias"]
[Black "Steimbach, Isabel"]
[Result "1-0"]
[WhiteElo "1753"]
[BlackElo "1510"]
[PlyCount "67"]
[EventDate "2009.??.??"]

1. e4 e5 2. Nf3 Nc6 3. Bb5 Nf6 4. O-O d6 5. Re1 Bg4 6. c3 Be7 7. d4 exd4 8.
cxd4 O-O 9. Bxc6 bxc6 10. Nc3 Rb8 11. Qd3 Re8 12. b3 c5 13. dxc5 dxc5 14. Qe3
Bd6 15. Ba3 Bxf3 16. Qxf3 Re6 17. Re2 c6 18. Rae1 Nd7 19. Qe3 Rh6 20. f4 Qh4
21. g3 Qh3 22. e5 Re8 23. Ne4 Be7 24. Bxc5 Nxc5 25. Nxc5 f6 26. Nd3 fxe5 27.
Nxe5 c5 28. b4 Bf6 29. Qb3+ Re6 30. Nf3 Bd4+ 31. Kh1 Kf8 32. Rxe6 Rxe6 33. Qxe6
Qxe6 34. Rxe6 1-0

[Event "Stuttgarter Stadtmeisterschaft B-Turnier"]
[Site "Ditzingen"]
[Date "2009.05.21"]
[Round "1.42"]
[White "Schiller, Anna-Katharina"]
[Black "Straub, Reiner"]
[Result "1-0"]
[WhiteElo "1508"]
[BlackElo "1736"]
[PlyCount "29"]
[EventDate "2009.??.??"]

1. e4 e5 2. Nf3 d6 3. d4 exd4 4. Nxd4 Nf6 5. Nc3 Be7 6. Bc4 O-O 7. O-O Nc6 8.
Be3 Ne5 9. Bb3 Bg4 10. f3 Bh5 11. Nf5 Bg6 12. Nh4 Nxe4 13. Nxg6 Bg5 14. Bxg5
Nxg5 15. Nxf8 1-0

[Event "Stuttgarter Stadtmeisterschaft B-Turnier"]
[Site "Ditzingen"]
[Date "2009.05.21"]
[Round "1.43"]
[White "Steiert, Roland"]
[Black "Domingos, Antonio"]
[Result "1/2-1/2"]
[WhiteElo "1735"]
[BlackElo "1504"]
[PlyCount "153"]
[EventDate "2009.??.??"]

1. d4 e6 2. e4 d5 3. Nc3 Nf6 4. f3 c5 5. Be3 Nc6 6. Bb5 dxe4 7. a3 Bd7 8. dxc5
Nd5 9. Nxd5 exd5 10. Qe2 d4 11. Bxc6 Bxc6 12. Rd1 Qa5+ 13. Bd2 Qxc5 14. Bb4 Qd5
15. Bxf8 Rxf8 16. Nh3 O-O-O 17. O-O d3 18. cxd3 exd3 19. Qd2 Rfe8 20. Kh1 Re2
21. Qc3 g5 22. Ng1 g4 23. Qg7 gxf3 24. Rxf3 Qb3 25. Rc1 Rc2 26. Qg4+ Kb8 27.
Qg3+ Ka8 28. Qc7 Rg8 29. Rg3 Rxg2 30. Rxc6 Rxg1+ 31. Kxg1 Rxg3+ 32. hxg3 Qd1+
33. Kg2 Qe2+ 34. Kh3 Qf1+ 35. Kh2 Qf2+ 36. Kh3 Qf5+ 37. Kh4 bxc6 38. Qxc6+ Kb8
39. Qd6+ Kc8 40. Qf8+ Kd7 41. Qg7 Ke6 42. Qg8 d2 43. Qc8+ Ke5 44. Qc3+ Ke4 45.
Qxd2 Qf6+ 46. Kh3 Qf1+ 47. Kh2 f5 48. b4 Qd3 49. Qf4+ Kd5 50. Qc1 Ke4 51. Qf4+
Kd5 52. Qc1 Qe2+ 53. Kg1 Qc4 54. Qe1 Qd4+ 55. Kh2 Qb2+ 56. Kh3 Qxa3 57. Qe7 Qc1
58. Qd7+ Ke4 59. Qe6+ Kd4 60. Qd6+ Kc3 61. Qc5+ Kb2 62. Kg2 Qc2+ 63. Kh3 Qe4
64. Kh2 Qc2+ 65. Kg1 Qd1+ 66. Kg2 Qe2+ 67. Kg1 Qf3 68. Qe5+ Kb3 69. b5 Kb4 70.
Qb2+ Ka5 71. Qe5 Qd1+ 72. Kg2 Qc2+ 73. Kh3 Qd3 74. Qc7+ Kxb5 75. Qxa7 f4 76.
Qb8+ Kc4 77. Qxf4+ 1/2-1/2

[Event "Stuttgarter Stadtmeisterschaft B-Turnier"]
[Site "Ditzingen"]
[Date "2009.05.21"]
[Round "1.44"]
[White "Schmidt, Heiko"]
[Black "Ackermann, Jens"]
[Result "0-1"]
[WhiteElo "1493"]
[BlackElo "1731"]
[PlyCount "78"]
[EventDate "2009.??.??"]

1. d4 a6 2. Nf3 Nf6 3. Bf4 b5 4. e3 Bb7 5. Nbd2 e6 6. Bd3 c5 7. c3 c4 8. Bc2
Be7 9. O-O Nh5 10. Bg3 Nxg3 11. fxg3 d5 12. Ne5 Bf6 13. Qh5 Qe7 14. Bg6 fxg6
15. Nxg6 Qf7 16. Nf4 Qxh5 17. Nxh5 Nd7 18. Nf3 O-O 19. g4 g6 20. Nf4 Rae8 21.
h4 e5 22. Nh3 e4 23. g5 exf3 24. gxf6 Rxf6 25. Nf2 fxg2 26. Kxg2 h5 27. Rae1
Rfe6 28. Kf3 Nf6 29. Rg1 Kg7 30. Rg3 Bc8 31. Ke2 Ne4 32. Nxe4 Rxe4 33. Reg1 Rg4
34. Ke1 Rxg3 35. Rxg3 Re4 36. Rg5 Bf5 37. Kd2 Rxh4 38. Rg1 Rh2+ 39. Kc1 Rc2+
0-1

[Event "Stuttgarter Stadtmeisterschaft B-Turnier"]
[Site "Ditzingen"]
[Date "2009.05.21"]
[Round "1.45"]
[White "Zimmermann, Tobias"]
[Black "Matic, Marijo"]
[Result "1/2-1/2"]
[WhiteElo "1729"]
[BlackElo "1491"]
[PlyCount "85"]
[EventDate "2009.??.??"]

1. e4 e5 2. Nf3 Nf6 3. d4 Nxe4 4. Bd3 d5 5. Nxe5 Nf6 6. O-O Be7 7. Re1 O-O 8.
c4 c5 9. Be3 cxd4 10. Bxd4 Be6 11. cxd5 Bxd5 12. Nc3 Be6 13. Qa4 a6 14. Rad1
Qe8 15. Qc2 h6 16. Ng6 Nc6 17. Nxe7+ Qxe7 18. Bxf6 Qxf6 19. Ne4 Qe7 20. a3 Rac8
21. Qd2 Rfd8 22. Qe3 Rd4 23. Be2 Rcd8 24. Rxd4 Nxd4 25. Rd1 Nxe2+ 26. Qxe2 Rd5
27. Re1 Qd8 28. b4 Bd7 29. h3 Bb5 30. Qf3 Rd3 31. Re3 Rd1+ 32. Kh2 Bc6 33. Qg4
Rd4 34. Qe2 Qc7+ 35. Ng3 Bb5 36. Re7 Qd6 37. Qe3 Bc6 38. Re5 Rd3 39. Qf4 Qg6
40. Re3 Rd1 41. Re7 Rd8 42. Qc7 Rf8 43. Qf4 1/2-1/2

[Event "Stuttgarter Stadtmeisterschaft B-Turnier"]
[Site "Ditzingen"]
[Date "2009.05.21"]
[Round "1.46"]
[White "Grunow, Carmen"]
[Black "Reichardt, Bernd"]
[Result "0-1"]
[WhiteElo "1486"]
[BlackElo "1729"]
[PlyCount "118"]
[EventDate "2009.??.??"]

1. e4 e6 2. Nf3 d5 3. exd5 exd5 4. d4 Bb4+ 5. Bd2 Bd6 6. Nc3 Ne7 7. Bg5 f6 8.
Be3 Bb4 9. Bd2 Be6 10. a3 Bxc3 11. Bxc3 a5 12. Bd3 Qd7 13. Qe2 O-O 14. O-O Ng6
15. Bd2 Bg4 16. Rfe1 Nc6 17. c3 Rae8 18. Be3 Nf4 19. Qc2 Nxd3 20. Qxd3 Bxf3 21.
gxf3 Qh3 22. Bf4 Qc8 23. c4 Ne7 24. Rac1 Qd7 25. cxd5 Nxd5 26. Bg3 c6 27. Re4
f5 28. Rh4 Rf6 29. Be5 Rg6+ 30. Kh1 a4 31. Rg1 Ree6 32. Rxg6 hxg6 33. f4 b5 34.
Qh3 Kf7 35. Rh8 Nf6 36. b3 Qd5+ 37. Kg1 Qxb3 38. Qxb3 axb3 39. Rh3 Nd7 40. Rxb3
g5 41. Re3 gxf4 42. Bxf4 Re4 43. Rxe4 fxe4 44. Kf1 Ke6 45. Ke2 Kf5 46. Ke3 Nf6
47. Be5 Ng4+ 48. Ke2 Nxe5 49. dxe5 Kxe5 50. Ke3 c5 51. h4 c4 52. f4+ exf3 53.
Kxf3 Kd4 54. Ke2 Kc3 55. Kd1 Kb2 56. Kd2 c3+ 57. Kd3 c2 58. h5 c1=Q 59. Kd4 Qg5
0-1

[Event "Stuttgarter Stadtmeisterschaft B-Turnier"]
[Site "Ditzingen"]
[Date "2009.05.21"]
[Round "1.47"]
[White "Kühnel, Lena"]
[Black "Sigmund, Wolfgang"]
[Result "1-0"]
[WhiteElo "1728"]
[BlackElo "1484"]
[PlyCount "141"]
[EventDate "2009.??.??"]

1. e4 e5 2. Nf3 Nc6 3. Bc4 Bc5 4. c3 Nf6 5. d4 exd4 6. cxd4 Bb4+ 7. Bd2 Bxd2+
8. Nbxd2 d5 9. exd5 Nxd5 10. Qb3 Nce7 11. O-O O-O 12. Rfe1 Nb6 13. Bd3 Be6 14.
Qc2 h6 15. Ne4 Bd5 16. Rac1 Nc6 17. a3 Bxe4 18. Rxe4 Qd6 19. Bb5 Nd8 20. Qxc7
Qg6 21. Qf4 Ne6 22. Qg4 Qxg4 23. Rxg4 Rac8 24. Rxc8 Rxc8 25. Re4 Rc2 26. b3 a6
27. Bf1 Rc3 28. Re3 Rc1 29. g3 Nd5 30. Rd3 b5 31. b4 Nec7 32. Ne5 Nc3 33. Nd7
N7d5 34. Kg2 Ra1 35. Nb6 Rc1 36. Nxd5 Nxd5 37. Be2 Kf8 38. Bf3 Rc3 39. Rxc3
Nxc3 40. Bb7 Nb1 41. Bxa6 Nxa3 42. Kf3 Nc2 43. Ke4 Ke7 44. Bxb5 Nxb4 45. Ke5 g6
46. d5 f6+ 47. Ke4 Kd6 48. Bc4 Nc2 49. g4 Ne1 50. Bb5 Ng2 51. Be8 Nh4 52. Bf7
g5 53. f4 Ke7 54. Bg8 Kd6 55. fxg5 hxg5 56. h3 Ke7 57. Kd4 Kd6 58. Ke4 Kd7 59.
Be6+ Kd6 60. Bc8 Kc7 61. Ba6 Kd6 62. Be2 Ke7 63. Kd4 Kd6 64. Bd3 Nf3+ 65. Kc4
Nh4 66. Be4 Ke5 67. Bh1 Ng6 68. Kc5 Nf4 69. d6 Nxh3 70. d7 Nf4 71. Bd5 1-0

[Event "Stuttgarter Stadtmeisterschaft B-Turnier"]
[Site "Ditzingen"]
[Date "2009.05.21"]
[Round "1.48"]
[White "Zeyer, Gabriel"]
[Black "Ruff, Robert"]
[Result "1/2-1/2"]
[WhiteElo "1461"]
[BlackElo "1725"]
[PlyCount "64"]
[EventDate "2009.??.??"]

1. c4 e5 2. Nc3 Nc6 3. d3 h6 4. g3 Nf6 5. Bg2 Bc5 6. e3 O-O 7. Nge2 Re8 8. O-O
d6 9. d4 exd4 10. Nxd4 Ne5 11. b3 Bg4 12. Nde2 Qc8 13. Nd5 Nh7 14. Bb2 Nf3+ 15.
Kh1 Nhg5 16. Ndf4 a5 17. Qc2 Qf5 18. Qxf5 Bxf5 19. Nd4 Be4 20. Nxf3 Bxf3 21.
Bxf3 Nxf3 22. Nh5 f6 23. Bxf6 g6 24. Nf4 Kf7 25. Bc3 c6 26. Nd3 Bb6 27. h4 g5
28. Kg2 g4 29. Nf4 Bd8 30. Rfd1 Be7 31. a3 a4 32. b4 Rac8 1/2-1/2

[Event "Stuttgarter Stadtmeisterschaft B-Turnier"]
[Site "Ditzingen"]
[Date "2009.05.21"]
[Round "1.49"]
[White "Wolff, Sidney Robert"]
[Black "Winterkorn, Nikolaus"]
[Result "1-0"]
[WhiteElo "1716"]
[BlackElo "1449"]
[PlyCount "95"]
[EventDate "2009.??.??"]

1. f4 Nc6 2. Nf3 d6 3. e3 Bf5 4. Bb5 Bd7 5. O-O Nf6 6. b3 e6 7. Bb2 Be7 8. Nc3
a6 9. Bd3 d5 10. Ne2 Nb4 11. Ne5 Nxd3 12. Nxd3 Bd6 13. Qe1 Bb5 14. Ne5 Qe7 15.
a4 Bd7 16. Qg3 Rg8 17. Nxd7 Kxd7 18. Qh4 h6 19. a5 Rae8 20. Be5 Bxe5 21. fxe5
Ne4 22. Qxe7+ Rxe7 23. d3 Ng5 24. Rf4 Rc8 25. Raf1 Rf8 26. c4 c6 27. b4 Kc7 28.
Nc3 dxc4 29. Rxc4 Rd8 30. d4 Kb8 31. h4 Nh7 32. Ne4 Rf8 33. Rc2 f5 34. Nc5 g5
35. h5 Rff7 36. Rcf2 Nf8 37. g4 Nd7 38. Nd3 b6 39. gxf5 exf5 40. Rxf5 Rg7 41.
e4 Kc8 42. d5 cxd5 43. exd5 Kb7 44. e6 Nb8 45. Ne5 Kc7 46. Nc4 Re8 47. Rf7+
Rxf7 48. exf7 1-0

[Event "Stuttgarter Stadtmeisterschaft B-Turnier"]
[Site "Ditzingen"]
[Date "2009.05.21"]
[Round "1.51"]
[White "Lebeda, Lukas"]
[Black "Baumann, Michaela"]
[Result "0-1"]
[WhiteElo "1710"]
[BlackElo "1413"]
[PlyCount "62"]
[EventDate "2009.??.??"]

1. c4 d6 2. Nc3 g6 3. Nf3 Bg7 4. g3 Nf6 5. Bg2 c6 6. d4 O-O 7. O-O Re8 8. Rb1
Nbd7 9. Be3 Ng4 10. Bg5 h6 11. Bd2 Nb6 12. b3 e5 13. h3 exd4 14. hxg4 dxc3 15.
Be3 Bxg4 16. Rc1 Bxf3 17. Bxf3 d5 18. cxd5 Nxd5 19. Bf4 Qa5 20. Qc2 Nxf4 21.
gxf4 Rad8 22. Rfd1 Rxd1+ 23. Rxd1 Rd8 24. Rxd8+ Qxd8 25. e4 g5 26. fxg5 Qxg5+
27. Kf1 h5 28. Qd1 Qc5 29. Qc2 h4 30. Bg4 Bd4 31. Kg2 Bxf2 0-1

[Event "Stuttgarter Stadtmeisterschaft B-Turnier"]
[Site "Ditzingen"]
[Date "2009.05.21"]
[Round "1.52"]
[White "Grözinger, Werner"]
[Black "Yildiz, Serkan"]
[Result "0-1"]
[WhiteElo "1379"]
[BlackElo "1707"]
[PlyCount "94"]
[EventDate "2009.??.??"]

1. c4 Nf6 2. d4 c5 3. Nc3 cxd4 4. Qxd4 Nc6 5. Qd1 g6 6. Nf3 Bg7 7. a3 O-O 8.
Bf4 d6 9. h3 Qb6 10. Qc2 Be6 11. e4 Na5 12. Be3 Qb3 13. Qxb3 Nxb3 14. Rb1 Rfc8
15. Nd5 Nxd5 16. cxd5 Bd7 17. Be2 Rc7 18. O-O Ba4 19. Bd1 b6 20. Nd2 Nxd2 21.
Bxd2 Bc2 22. Bxc2 Rxc2 23. Bc1 a5 24. a4 Bd4 25. b3 Rac8 26. Be3 Bxe3 27. fxe3
Re2 28. Rfe1 Rcc2 29. Rxe2 Rxe2 30. Rc1 Rxe3 31. Rc7 Kf8 32. Rc8+ Kg7 33. Rc7
Kf6 34. Rc4 Rxb3 35. Kh2 Rb4 36. Rc6 Rxe4 37. Rxb6 Rxa4 38. Rb3 Rd4 39. Rb5 a4
40. Ra5 a3 41. Rxa3 Rxd5 42. Kg3 Rf5 43. Ra6 h5 44. Kh2 Rd5 45. Ra3 e5 46. Rf3+
Ke6 47. h4 f5 0-1

[Event "Stuttgarter Stadtmeisterschaft B-Turnier"]
[Site "Ditzingen"]
[Date "2009.05.21"]
[Round "1.53"]
[White "Mainik, Philipp"]
[Black "Reiß, Michael"]
[Result "1-0"]
[WhiteElo "1706"]
[BlackElo "1358"]
[PlyCount "95"]
[EventDate "2009.??.??"]

1. e4 d5 2. exd5 Qxd5 3. Nc3 Qa5 4. d4 Nf6 5. Nf3 Nc6 6. a3 Bg4 7. Be3 O-O-O 8.
Be2 e5 9. b4 Nxb4 10. axb4 Qxb4 11. Bd2 exd4 12. Nb5 Qc5 13. O-O Bxf3 14. Nxa7+
Kb8 15. Bxf3 Bd6 16. Qb1 Qb6 17. Qxb6 cxb6 18. Nb5 Be5 19. Rfe1 Rhe8 20. Ra7
Nd5 21. Rea1 Kc8 22. Ra8+ Bb8 23. Bg4+ Rd7 24. Nd6+ Kc7 25. Nxe8+ Kc6 26. Bxd7+
Kxd7 27. Rxb8 Kc6 28. Nxg7 Nf6 29. f3 Kc7 30. Bf4+ Kd7 31. Rxb7+ Kc6 32. Rc7+
Kb5 33. Rb1+ Ka6 34. Rc6 Nd5 35. Bd2 Kb7 36. Rd6 Ne7 37. Rd7+ Kc6 38. Rxe7 Kd6
39. Bg5 h6 40. Rxb6+ Kc5 41. Rxf7 hxg5 42. Rg6 Kc4 43. Rc7+ Kb4 44. Rb6+ Ka5
45. Rb1 Ka6 46. Rc8 Ka7 47. Rc4 d3 48. Ra4# 1-0

[Event "Stuttgarter Stadtmeisterschaft B-Turnier"]
[Site "Ditzingen"]
[Date "2009.05.21"]
[Round "1.54"]
[White "Heilmeier, Tom"]
[Black "Helfrich, Leo"]
[Result "0-1"]
[WhiteElo "1342"]
[BlackElo "1701"]
[PlyCount "42"]
[EventDate "2009.??.??"]

1. e4 g6 2. d4 Bg7 3. Nc3 d6 4. Bc4 Nf6 5. Bg5 O-O 6. Nf3 c6 7. Qd2 b5 8. Bxf6
exf6 9. Bb3 a5 10. a3 Qb6 11. O-O-O a4 12. Ba2 b4 13. Nb1 b3 14. cxb3 axb3 15.
Nc3 bxa2 16. Nxa2 c5 17. Nc3 Be6 18. d5 Bd7 19. Qf4 Na6 20. h4 h5 21. Nh2 f5
0-1